Responses for show #1003 - Wednesday, January 4, 1989

Cigus Vanni game 4.

Contestants

Keith Level, a community college teacher originally from Ventura, California

Sarah Lehman, an editorial assistant originally from Vancouver, British Columbia

Cigus Vanni, a psychologist from Bala Cynwyd, Pennsylvania (whose 3-day cash winnings total $23,600)

Jeopardy! Round responses

PHYSICAL SCIENCE
NUMERICAL PHRASES
SPORTSCASTERS
1968
MOVIE TRIVIA
JULIA CHILD SAYS
    $100 14
the sun

Cigus
    $100 1
three-ring circus

Sarah
    $100 6
Bryant Gumbel

Cigus
    $100 11
(Cigus: Who are Tricia Nixon & David Eisenhower?)
(Keith: Who are Tricia Nixon & Cox?)
...
(Alex: [*] and Mr. Eisenhower.)

Julie Nixon* & David Eisenhower

CigusKeith
Triple Stumper
    $100 26
Elvis Presley

Cigus
    $100 21
(Keith: What are potatoes?)

eggs

Keith
Triple Stumper
    $200 17
space

Keith
    $200 2
one liner

Cigus
    $200 7
Brent Musburger

Triple Stumper
    $200 12
triple play

Cigus
    $200 27
(Sarah: What is The Birdman of Alcatraz?)

Escape from Alcatraz

Sarah
Triple Stumper
    $200 22
[Alex imitated Julia Child when reading "Pain Francais", getting laughter.]

French bread

Sarah
    $300 18
velocity (speed)

Sarah
    $300 3
Seven Seas

Keith
    $300 8
Phil Rizzuto

Keith
    $300 13
Pueblo

Keith
    $300 28
Marty

Triple Stumper
    $300 23
alcohol

Sarah
    $400 19
wavelength

Sarah
    $300 4
Three Dog Night

Keith
    $400 9
John Madden

Keith
    $400 15
(Sarah: Who is Dashiell Hammett?)

Mickey Spillane

Sarah
Triple Stumper
    $400 29
"As Time Goes By"

Cigus
    $400 24
(Alex: We've got less than a minute to go.)

freezing

Triple Stumper
    $500 20
Archimedes

Triple Stumper
    $500 5
three sheets to the wind

Triple Stumper
    $500 10
(Alex: [Uses Scottish accent] [*], yes.)
[Laughter]

Jackie Stewart

Cigus
    $500 16
(Cigus: Who is Alan Shepard?)
(Alex: No, sorry. That's going to come as a big surprise to Alan Shepard because I play golf with him occasionally.)
[Yes, Alex commented prior to Sarah responding.]

(Yuri) Gagarin

CigusSarah
    $500 25
haute cuisine

Sarah

Scores at the first commercial break (after clue 12):

Cigus Sarah Keith
$900 $100 $1,200

Scores at the end of the Jeopardy! Round:

Cigus Sarah Keith
$1,000 $1,700 $1,600

Double Jeopardy! Round responses

CANADA
FASHION
BEST SELLERS
OPERETTAS
POT LUCK
ANAGRAMS
    $200 4
Newfoundland

Sarah
    $200 16
white

Cigus
    $200 22
(Sarah: What is Funk & Wagnalls?)

Webster (Merriam-Webster)

CigusSarah
    $200 1
George Bernard Shaw

Cigus
    $200 11
New Orleans

Keith
    $200 17
wand (from Dawn)

Cigus
    $1,000 5
(Sarah: What is Lake Erie?)
(Alex: [*], because it's entirely in the United States.)

Lake Michigan

Sarah
    $400 24
Yves Saint Laurent

Keith
    $400 23
Big Bang Theory

Sarah
    $1,000 2
(Cigus: [shakes head no] No.)

The Student Prince

Cigus
    $400 12
Vietnam War

Keith
    $400 18
rave (from Vera)

Cigus
    $600 6
Calgary Stampede

Keith
    $600 26
Liz Claiborne

Sarah
    $600 25
Lakers

Sarah
    $600 3
The Mikado

Sarah
    $600 13
(Keith: What is 1 year?)

3 years

CigusKeith
    $600 19
seal (from Elsa)

Cigus
    $800 7
(Jacques) Cartier

Cigus
    $800 27
horse

Triple Stumper
    $800 29
Sylvia Porter

Cigus
    $800 9
One for all, and all for one

Cigus
    $800 14
shillelagh

Triple Stumper
    $800 20
Melba (from blame)

Keith
    $1000 8
Prince Edward Island

Sarah
    $1000 28
(Coco) Chanel

Sarah
    $1000 30
Louis L'Amour

Triple Stumper
    $1000 10
Die Fledermaus

Triple Stumper
    $1000 15
dungarees

Sarah
    $1000 21
Luce (from clue)

Keith

Scores at the end of the Double Jeopardy! Round:

Cigus Sarah Keith
$4,800 $5,900 $4,400

[wagering suggestions for these scores]

Final Jeopardy! Round responses

THE CIVIL WAR
KeithWhat are Maryland and Pennsylvania
$400
CigusWhat were Penna. and Maryland?
$4,000
SarahWhat are Penn and D.C.?
$3,100
Maryland & Pennsylvania

Final scores:

Cigus Sarah Keith
$8,800 $2,800 $4,800
4-day champion: $32,400 3rd place: Helbros his & hers watches 2nd place: stay at Mission Hill Resort Hotel in Palm Springs & Ventura luggage

Game dynamics:

Coryat scores:

Cigus Sarah Keith
$5,800 $6,900 $4,500
17 R,
3 W
(including 1 DD)
15 R,
4 W
(including 1 DD)
12 R
(including 1 DD),
3 W

Combined Coryat: $17,200

The J! Archive is created by fans, for fans. The Jeopardy! game show and all elements thereof, including but not limited to copyright and trademark thereto, are the property of Jeopardy Productions, Inc. and are protected under law. This website is not affiliated with, sponsored by, or operated by Jeopardy Productions, Inc. Join the discussion at JBoard.tv.